Dark Souls Quotes - Statistics

General Stats
  • This quiz has been taken 25 times
  • The average score is 8 of 26
Answer Stats
Hint Answer % Correct
Don't get yourself killed. Neither of us want to see you go Hollow. Andre of Astora
57%
May the flames guide thee... (Dark Souls III) Firekeeper
57%
We are amidst strange beings, in a strange land. The flow of time itself is convoluted; with heroes centuries old phasing in and out. Solaire of Astora
57%
I'll be fine. I have you, dear sister. The Fair Lady
57%
I am pleased to see you well. Is it something urgent? Kingseeker Frampt
52%
Bah, no matter. Go along and have audience with Our Fair Lady. I pray that you will mind your manners! Eingyi
48%
Oh heretic....swathed in dark......an eternal curse upon thee.... Dark Sun Gwyndolin
43%
Have you met that backwood Shiva? Patches
43%
Begone with you, you'll spoil my focus. Vamos
39%
PERISH, FOUL CREATURES! Siegmeyer of Catarina
35%
With my trusty suit of armor, I'll be out of here in a jiffy. Until we meet again, comrade! Siegward of Catarina
30%
Aye, siwmae. Domhnall of Zena
26%
A hunter must hunt. Eileen the Crow
26%
The Gods will not have it! Die! Die! Die! Die! Die a thousand times again! Female Undead Merchant
22%
Go and fall off a cliff! Male Undead Merchant
22%
Grant us eyes... Grant us eyes... Micolash, Host of the Nightmare
22%
When we sing, the little ones dance. Milfanito
22%
May the flames guide thee... (Dark Souls 1) Elizabeth
17%
Fear the Old Blood Willem
17%
How dare you disturb me! Big Hat Logan
13%
Now... be one with the Dark. Nashandra
13%
Bearer of the curse... Seek souls. Larger, more powerful souls. Seek the King, that is the only way. Lest this land swallow you whole... As it has so many others. Shanalotte
13%
Feeble Cursed One! Straid of Olaphis
13%
Oh woe is me, I am unworthy, deathly so! Petrus of Thorolund
4%
He's plumb Rotten by now, I'm sure... Sweet Shalquoir
4%
Home...Where is.... Home...? Maughlin the Armourer
0%
No matching quizzes found
Score Distribution
Percent of People with Each Score
Percentile by Number Answered
Your Score History
You have not taken this quiz